000
00336nam a2200133Ia 4500
008
240624s9999 xx 000 0 und d
041
_a
eng
082
_a
657 JON
100
_a
JONES MICHAEL
245
_a
ACCOUNTING FOR NON SPECIALISTS
260
_c
2008
_a
New Delhi
_b
Wiley India
300
_a
596 : p. : cm. ; 24
365
_c
RS
_b
33.33
999
_c
11232
_d
11232